ბათუმის შოთა რუსთაველის სახელმწიფო უნივერსიტეტის ბიბლიოთეკა

არქეოლოგია. #1. 2018 (ბიბ.ჩანაწერი № 55470)

000 -LEADER
fixed length control field 00814nam a2200205Ia 4500
001 - CONTROL NUMBER
control field 22552
003 - CONTROL NUMBER IDENTIFIER
control field GE_BSU
008 - FIXED-LENGTH DATA ELEMENTS--GENERAL INFORMATION
fixed length control field 181216s||||||||xx |||||||||||||| ||und||
040 ## - CATALOGING SOURCE
Transcribing agency GE_BSU
245 ## - TITLE STATEMENT
Title არქეოლოგია. #1. 2018
245 ## - TITLE STATEMENT
Remainder of title სამეცნიერო-კვლევითი ჟურნალი
245 ## - TITLE STATEMENT
Statement of responsibility, etc. მთ.რედ. ალ. ნონეშვილი
250 ## - EDITION STATEMENT
Edition statement აკადემიკოს ანდრია აფაქიძის სახ. არქეოლოგიის ინ-ტი
260 ## - PUBLICATION, DISTRIBUTION, ETC.
Place of publication, distribution, etc. თბილისი
260 ## - PUBLICATION, DISTRIBUTION, ETC.
Date of publication, distribution, etc. 2016
300 ## - PHYSICAL DESCRIPTION
Extent 208 გვ. 30სმ. ილ.
653 ## - INDEX TERM--UNCONTROLLED
Uncontrolled term არქეოლოგია. #1. 2018
653 ## - INDEX TERM--UNCONTROLLED
Uncontrolled term სამეცნიერო-კვლევითი ჟურნალი
942 ## - ADDED ENTRY ELEMENTS (KOHA)
Koha item type პერიოდიკა
ეგზემპლარები
Withdrawn status Lost status Damaged status Not for loan Date acquired Barcode Date last seen Price effective from Koha item type Public note
        2018-12-17 p 79385 2018-12-17 2018-12-17 პერიოდიკა პერიოდიკა